000
00329nam a2200133Ia 4500
005
20251222144712.0
008
251222s9999||||xx |||||||||||||| ||spa||
020
_a
84-344-2867-9
082
_a
808.027/M84
100
_a
Montolyo, Estrella
245
0
_a
Manual Práctico de Escritura Académica
264
_b
Ariel
942
_c
LIB
999
_c
17849
_d
17849